000
00362nam a2200145Ia 4500
008
151213s9999 xx 000 0 und d
100
_a
Graham . Holderhess
245
_a
Hamlet
_c
Graham . Holderhess
260
_a
New Dilhi
_b
Viva Books
_c
2003
300
_a
2210 p.
650
_a
English
650
_a
English
700
_a
Graham . Holderhess
999
_c
1615
_d
1615